[Event "ODJM A 2025"]
[Site "Willingen GER"]
[Date "2025.06.13"]
[Round "8"]
[White "Retzlaff, Kian"]
[Black "Arne, Jonas"]
[Result "1/2-1/2"]
[Termination "normal"]
[Board "31"]
[WhiteElo "1946"]
[BlackElo "1938"]
[WhiteClock "00:04:48"]
[BlackClock "00:54:38"]
[PlyCount "120"]
[WhiteFideId "34606700"]
[BlackFideId "34640398"]
[EventCountry "GER"]
[EventRounds "9"]
[EventType "swiss"]
[EventDate "2025.06.07"]

1. e4 {[%clk 01:30:57]} {[%emt 00:00:02]} c6 {[%clk 01:30:57]} {[%emt
00:00:04]} 2. Nc3 {[%clk 01:31:21]} {[%emt 00:00:05]} d5 {[%clk 01:31:22]}
{[%emt 00:00:06]} 3. Nf3 {[%clk 01:31:47]} {[%emt 00:00:04]} dxe4 {[%clk
01:31:47]} {[%emt 00:00:06]} 4. Nxe4 {[%clk 01:32:12]} {[%emt 00:00:04]} Nf6
{[%clk 01:32:13]} {[%emt 00:00:05]} 5. Qe2 {[%clk 01:32:36]} {[%emt 00:00:05]}
Nxe4 {[%clk 01:32:39]} {[%emt 00:00:05]} 6. Qxe4 {[%clk 01:33:00]} {[%emt
00:00:04]} Qd5 {[%clk 01:33:06]} {[%emt 00:00:04]} 7. Qf4 {[%clk 01:31:23]}
{[%emt 00:02:06]} Qe6+ {[%clk 01:32:22]} {[%emt 00:01:16]} 8. Be2 {[%clk
01:26:52]} {[%emt 00:04:59]} Qf5 {[%clk 01:30:35]} {[%emt 00:02:18]} 9. d3
{[%clk 01:23:04]} {[%emt 00:04:18]} g6 {[%clk 01:29:02]} {[%emt 00:02:04]} 10.
O-O {[%clk 01:13:54]} {[%emt 00:09:40]} Bg7 {[%clk 01:27:29]} {[%emt 00:02:02]}
11. c3 {[%clk 01:10:35]} {[%emt 00:03:48]} O-O {[%clk 01:21:57]} {[%emt
00:06:03]} 12. d4 {[%clk 01:06:24]} {[%emt 00:04:40]} Qxf4 {[%clk 01:15:06]}
{[%emt 00:07:23]} 13. Bxf4 {[%clk 01:06:51]} {[%emt 00:00:02]} Bg4 {[%clk
01:15:10]} {[%emt 00:00:26]} 14. h3 {[%clk 01:03:20]} {[%emt 00:04:00]} Bxf3
{[%clk 01:12:32]} {[%emt 00:03:09]} 15. Bxf3 {[%clk 01:03:48]} {[%emt
00:00:02]} e6 {[%clk 01:10:06]} {[%emt 00:02:56]} 16. Rad1 {[%clk 00:58:36]}
{[%emt 00:05:42]} Nd7 {[%clk 01:05:13]} {[%emt 00:05:23]} 17. Rd2 {[%clk
00:48:20]} {[%emt 00:10:43]} Nf6 {[%clk 00:59:11]} {[%emt 00:06:34]} 18. c4
{[%clk 00:44:30]} {[%emt 00:04:20]} Rfd8 {[%clk 00:58:03]} {[%emt 00:01:38]}
19. Rfd1 {[%clk 00:41:30]} {[%emt 00:03:30]} Rd7 {[%clk 00:57:52]} {[%emt
00:00:41]} 20. d5 {[%clk 00:35:37]} {[%emt 00:06:24]} cxd5 {[%clk 00:56:24]}
{[%emt 00:01:59]} 21. cxd5 {[%clk 00:35:46]} {[%emt 00:00:20]} exd5 {[%clk
00:55:16]} {[%emt 00:01:38]} 22. Bxd5 {[%clk 00:31:10]} {[%emt 00:05:05]} Rxd5
{[%clk 00:54:44]} {[%emt 00:01:03]} 23. Rxd5 {[%clk 00:31:37]} {[%emt
00:00:03]} Nxd5 {[%clk 00:55:06]} {[%emt 00:00:08]} 24. Rxd5 {[%clk 00:32:02]}
{[%emt 00:00:04]} Bxb2 {[%clk 00:54:38]} {[%emt 00:01:00]} 25. Rb5 {[%clk
00:31:59]} {[%emt 00:00:31]} Ba3 {[%clk 00:52:47]} {[%emt 00:02:22]} 26. Rxb7
{[%clk 00:31:24]} {[%emt 00:01:02]} a5 {[%clk 00:52:52]} {[%emt 00:00:27]} 27.
Kf1 {[%clk 00:26:19]} {[%emt 00:05:34]} Rc8 {[%clk 00:43:45]} {[%emt 00:09:38]}
28. Ra7 {[%clk 00:14:39]} {[%emt 00:12:08]} Bb4 {[%clk 00:42:49]} {[%emt
00:01:28]} 29. Bh6 {[%clk 00:12:52]} {[%emt 00:02:16]} Bf8 {[%clk 00:41:47]}
{[%emt 00:01:32]} 30. Be3 {[%clk 00:07:34]} {[%emt 00:05:48]} Bc5 {[%clk
00:41:00]} {[%emt 00:01:20]} 31. Rxa5 {[%clk 00:06:22]} {[%emt 00:01:40]} Bxe3
32. fxe3 {[%clk 00:06:49]} Rc2 {[%clk 00:41:36]} {[%emt 00:00:12]} 33. Ra7
{[%clk 00:06:07]} {[%emt 00:01:10]} Kg7 {[%clk 00:41:39]} {[%emt 00:00:28]} 34.
a4 {[%clk 00:05:06]} {[%emt 00:01:32]} Ra2 {[%clk 00:42:02]} {[%emt 00:00:07]}
35. a5 {[%clk 00:04:38]} {[%emt 00:00:57]} h5 {[%clk 00:42:20]} {[%emt
00:00:13]} 36. h4 {[%clk 00:03:29]} {[%emt 00:01:39]} Kf6 {[%clk 00:41:57]}
{[%emt 00:00:53]} 37. a6 {[%clk 00:02:31]} {[%emt 00:01:26]} Kg7 {[%clk
00:40:11]} {[%emt 00:02:18]} 38. g3 {[%clk 00:01:08]} {[%emt 00:01:53]} Kf6
{[%clk 00:38:59]} {[%emt 00:01:42]} 39. e4 {[%clk 00:01:02]} {[%emt 00:00:35]}
Ra4 {[%clk 00:38:44]} {[%emt 00:00:46]} 40. Kf2 {[%clk 00:00:52]} {[%emt
00:00:39]} Rxe4 {[%clk 00:36:44]} {[%emt 00:02:31]} 41. Rb7 {[%clk 00:27:42]}
{[%emt 00:03:38]} Ra4 {[%clk 01:06:45]} {[%emt 00:00:30]} 42. a7 {[%clk
00:27:48]} {[%emt 00:00:24]} Ke6 {[%clk 01:05:39]} {[%emt 00:01:36]} 43. Ke3
{[%clk 00:26:56]} {[%emt 00:01:21]} f6 {[%clk 01:05:09]} {[%emt 00:01:02]} 44.
Kd3 {[%clk 00:25:24]} {[%emt 00:02:01]} Kd5 {[%clk 01:03:38]} {[%emt 00:02:02]}
45. Kc3 {[%clk 00:23:01]} {[%emt 00:02:53]} Kc5 {[%clk 01:00:55]} {[%emt
00:03:13]} 46. Rf7 {[%clk 00:20:48]} {[%emt 00:02:43]} Ra6 {[%clk 00:58:13]}
{[%emt 00:03:12]} 47. Rg7 {[%clk 00:17:49]} {[%emt 00:03:28]} Ra5 {[%clk
00:56:26]} {[%emt 00:02:18]} 48. Rf7 {[%clk 00:10:20]} {[%emt 00:07:58]} Ra6
{[%clk 00:56:28]} {[%emt 00:00:29]} 49. Kb3 {[%clk 00:08:58]} {[%emt 00:01:52]}
Ra5 {[%clk 00:55:01]} {[%emt 00:01:57]} 50. Rxf6 {[%clk 00:06:20]} {[%emt
00:03:07]} Rxa7 {[%clk 00:55:21]} {[%emt 00:00:11]} 51. Rxg6 {[%clk 00:06:40]}
{[%emt 00:00:09]} Kd4 {[%clk 00:54:45]} {[%emt 00:01:07]} 52. Rg5 {[%clk
00:06:33]} {[%emt 00:00:35]} Ke4 {[%clk 00:54:27]} {[%emt 00:00:50]} 53. Kb4
{[%clk 00:05:49]} {[%emt 00:01:13]} Rc7 {[%clk 00:53:17]} {[%emt 00:01:40]} 54.
Kb5 {[%clk 00:05:17]} {[%emt 00:01:01]} Rc3 {[%clk 00:53:22]} {[%emt 00:00:25]}
55. Rxh5 {[%clk 00:04:02]} {[%emt 00:01:46]} Rxg3 {[%clk 00:53:33]} {[%emt
00:00:20]} 56. Rc5 {[%clk 00:04:03]} {[%emt 00:00:26]} Rh3 {[%clk 00:53:25]}
{[%emt 00:00:41]} 57. Kc6 {[%clk 00:04:05]} {[%emt 00:00:27]} Kf4 {[%clk
00:53:47]} {[%emt 00:00:07]} 58. h5 {[%clk 00:04:22]} {[%emt 00:00:13]} Kg4
{[%clk 00:54:02]} {[%emt 00:00:16]} 59. Kd6 {[%clk 00:04:23]} {[%emt 00:00:30]}
Rxh5 {[%clk 00:54:16]} {[%emt 00:00:15]} 60. Rxh5 {[%clk 00:04:48]} {[%emt
00:00:05]} Kxh5 {[%clk 00:54:38]} {[%emt 00:00:10]} 1/2-1/2

[Event "ODJM A 2025"]
[Site "Willingen GER"]
[Date "2025.06.13"]
[Round "8"]
[White "Andresen, Marc"]
[Black "Hoffmann, Alexander"]
[Result "1/2-1/2"]
[Termination "normal"]
[Board "32"]
[WhiteElo "1857"]
[BlackElo "1907"]
[WhiteClock "00:40:00"]
[BlackClock "00:18:40"]
[PlyCount "41"]
[WhiteFideId "16233719"]
[BlackFideId "16240219"]
[EventCountry "GER"]
[EventRounds "9"]
[EventType "swiss"]
[EventDate "2025.06.07"]

1. e4 {[%clk 01:30:59]} c5 {[%clk 01:30:53]} {[%emt 00:00:07]} 2. Nf3 {[%clk
01:31:25]} {[%emt 00:00:04]} e6 {[%clk 01:31:17]} {[%emt 00:00:06]} 3. c3
{[%clk 01:31:52]} {[%emt 00:00:04]} Nf6 {[%clk 01:31:29]} {[%emt 00:00:17]} 4.
e5 {[%clk 01:31:26]} {[%emt 00:00:56]} Nd5 {[%clk 01:31:53]} {[%emt 00:00:06]}
5. g3 {[%clk 01:31:52]} {[%emt 00:00:05]} d6 {[%clk 01:32:08]} {[%emt
00:00:14]} 6. exd6 {[%clk 01:32:16]} {[%emt 00:00:06]} Bxd6 {[%clk 01:32:33]}
{[%emt 00:00:05]} 7. Bg2 {[%clk 01:32:43]} {[%emt 00:00:04]} Nc6 {[%clk
01:29:44]} {[%emt 00:03:19]} 8. O-O {[%clk 01:32:53]} {[%emt 00:00:19]} O-O
{[%clk 01:30:06]} {[%emt 00:00:08]} 9. d4 {[%clk 01:33:19]} {[%emt 00:00:03]}
cxd4 {[%clk 01:19:14]} {[%emt 00:11:23]} 10. Nxd4 {[%clk 01:33:43]} {[%emt
00:00:06]} Nxd4 {[%clk 01:11:25]} {[%emt 00:08:19]} 11. Qxd4 {[%clk 01:34:07]}
{[%emt 00:00:06]} Bc7 {[%clk 01:03:31]} {[%emt 00:08:25]} 12. Rd1 {[%clk
01:25:09]} {[%emt 00:09:26]} Ne7 {[%clk 00:54:37]} {[%emt 00:09:24]} 13. Qxd8
{[%clk 01:00:19]} {[%emt 00:25:21]} Rxd8 {[%clk 00:51:34]} {[%emt 00:03:33]}
14. Rxd8+ {[%clk 00:59:43]} {[%emt 00:01:06]} Bxd8 {[%clk 00:51:39]} {[%emt
00:00:26]} 15. Na3 {[%clk 01:00:02]} {[%emt 00:00:10]} Ng6 {[%clk 00:43:58]}
{[%emt 00:08:10]} 16. Be3 {[%clk 00:59:18]} {[%emt 00:01:14]} Bd7 {[%clk
00:25:53]} {[%emt 00:18:36]} 17. Rd1 {[%clk 00:59:18]} {[%emt 00:00:29]} Ba4
{[%clk 00:23:28]} {[%emt 00:02:56]} 18. Rd4 {[%clk 00:47:26]} {[%emt 00:12:21]}
Bc6 {[%clk 00:21:48]} {[%emt 00:02:11]} 19. Bxc6 {[%clk 00:47:03]} {[%emt
00:00:53]} bxc6 {[%clk 00:22:16]} {[%emt 00:00:02]} 20. Rd7 {[%clk 00:41:22]}
{[%emt 00:06:11]} a6 {[%clk 00:18:40]} {[%emt 00:04:06]} 21. Nc4 {[%clk
00:40:00]} {[%emt 00:01:52]} 1/2-1/2

[Event "ODJM A 2025"]
[Site "Willingen GER"]
[Date "2025.06.13"]
[Round "8"]
[White "Weeke, Tom"]
[Black "Schulz, Tim"]
[Result "1-0"]
[Termination "normal"]
[Board "33"]
[WhiteElo "1843"]
[BlackElo "1976"]
[WhiteClock "00:15:24"]
[BlackClock "00:05:10"]
[PlyCount "67"]
[WhiteFideId "34607080"]
[BlackFideId "34629165"]
[EventCountry "GER"]
[EventRounds "9"]
[EventType "swiss"]
[EventDate "2025.06.07"]

1. d4 {[%clk 01:30:56]} {[%emt 00:00:03]} Nf6 {[%clk 01:30:53]} {[%emt
00:00:08]} 2. c4 {[%clk 01:31:21]} {[%emt 00:00:06]} g6 {[%clk 01:31:17]}
{[%emt 00:00:06]} 3. Nc3 {[%clk 01:31:43]} {[%emt 00:00:07]} d5 {[%clk
01:31:30]} {[%emt 00:00:17]} 4. Nf3 {[%clk 01:29:54]} {[%emt 00:02:19]} Bg7
{[%clk 01:31:32]} {[%emt 00:00:28]} 5. Qb3 {[%clk 01:27:08]} {[%emt 00:03:16]}
dxc4 {[%clk 01:30:18]} {[%emt 00:01:45]} 6. Qxc4 {[%clk 01:23:18]} {[%emt
00:04:19]} a6 {[%clk 01:29:34]} {[%emt 00:01:14]} 7. e4 {[%clk 01:09:00]}
{[%emt 00:14:48]} b5 {[%clk 01:27:13]} {[%emt 00:02:51]} 8. Qd3 {[%clk
01:09:06]} {[%emt 00:00:24]} Bb7 {[%clk 01:20:42]} {[%emt 00:07:02]} 9. a3
{[%clk 01:07:41]} {[%emt 00:01:54]} O-O {[%clk 01:14:53]} {[%emt 00:06:19]} 10.
Be2 {[%clk 01:05:11]} {[%emt 00:03:00]} Nbd7 {[%clk 01:11:18]} {[%emt
00:04:06]} 11. b4 {[%clk 01:01:18]} {[%emt 00:04:22]} a5 {[%clk 01:02:18]}
{[%emt 00:09:31]} 12. Rb1 {[%clk 00:52:58]} {[%emt 00:08:49]} axb4 {[%clk
00:55:43]} {[%emt 00:07:06]} 13. axb4 {[%clk 00:52:40]} {[%emt 00:00:47]} c6
{[%clk 00:52:53]} {[%emt 00:03:20]} 14. O-O {[%clk 00:51:21]} {[%emt 00:01:48]}
Nb6 {[%clk 00:51:49]} {[%emt 00:01:35]} 15. Nd2 {[%clk 00:49:00]} {[%emt
00:02:50]} Ne8 {[%clk 00:48:07]} {[%emt 00:04:14]} 16. Nb3 {[%clk 00:47:14]}
{[%emt 00:02:12]} Nd6 {[%clk 00:37:24]} {[%emt 00:11:16]} 17. Nc5 {[%clk
00:43:21]} {[%emt 00:04:22]} Bc8 {[%clk 00:35:31]} {[%emt 00:02:24]} 18. f4
{[%clk 00:35:13]} {[%emt 00:08:38]} Ndc4 {[%clk 00:34:03]} {[%emt 00:01:58]}
19. Rd1 {[%clk 00:34:56]} {[%emt 00:00:46]} Qc7 {[%clk 00:31:19]} {[%emt
00:03:15]} 20. g4 {[%clk 00:26:34]} {[%emt 00:08:51]} Rd8 {[%clk 00:26:47]}
{[%emt 00:05:03]} 21. e5 {[%clk 00:26:34]} {[%emt 00:00:30]} g5 {[%clk
00:18:46]} {[%emt 00:08:32]} 22. Qg3 {[%clk 00:24:58]} {[%emt 00:02:05]} gxf4
{[%clk 00:17:34]} {[%emt 00:01:42]} 23. Bxf4 {[%clk 00:23:02]} {[%emt
00:02:26]} e6 {[%clk 00:11:40]} {[%emt 00:06:25]} 24. N3e4 {[%clk 00:22:36]}
{[%emt 00:00:55]} Ra3 {[%clk 00:11:03]} {[%emt 00:01:08]} 25. Qh4 {[%clk
00:21:49]} {[%emt 00:01:17]} Nd5 {[%clk 00:09:43]} {[%emt 00:01:50]} 26. Bg5
{[%clk 00:21:16]} {[%emt 00:01:02]} Re8 {[%clk 00:09:43]} {[%emt 00:00:30]} 27.
Nf6+ {[%clk 00:19:04]} {[%emt 00:02:42]} Nxf6 {[%clk 00:09:27]} {[%emt
00:00:46]} 28. exf6 {[%clk 00:17:30]} {[%emt 00:02:04]} Bf8 {[%clk 00:08:33]}
{[%emt 00:01:23]} 29. Bh6 {[%clk 00:16:26]} {[%emt 00:01:35]} Kh8 {[%clk
00:06:28]} {[%emt 00:02:35]} 30. Bxf8 {[%clk 00:15:07]} {[%emt 00:01:50]} Rxf8
{[%clk 00:06:55]} {[%emt 00:00:02]} 31. Bd3 {[%clk 00:15:35]} {[%emt 00:00:01]}
Rxd3 {[%clk 00:06:45]} {[%emt 00:00:41]} 32. Rxd3 {[%clk 00:15:51]} {[%emt
00:00:15]} Qf4 {[%clk 00:05:28]} {[%emt 00:01:45]} 33. Rf1 {[%clk 00:15:25]}
{[%emt 00:00:55]} Qd6 {[%clk 00:05:10]} {[%emt 00:00:49]} 34. Ne4 {[%clk
00:15:24]} {[%emt 00:00:31]} 1-0

[Event "ODJM A 2025"]
[Site "Willingen GER"]
[Date "2025.06.13"]
[Round "8"]
[White "Schulz, Dennis"]
[Black "Seitz, Manuel"]
[Result "1/2-1/2"]
[Termination "normal"]
[Board "34"]
[WhiteElo "1894"]
[BlackElo "1859"]
[WhiteClock "00:15:26"]
[BlackClock "00:07:54"]
[PlyCount "68"]
[WhiteFideId "16241231"]
[BlackFideId "16215770"]
[EventCountry "GER"]
[EventRounds "9"]
[EventType "swiss"]
[EventDate "2025.06.07"]

1. d4 {[%clk 01:30:58]} {[%emt 00:00:01]} d5 {[%clk 01:30:52]} {[%emt
00:00:08]} 2. Nf3 {[%clk 01:31:25]} {[%emt 00:00:03]} Nf6 {[%clk 01:31:09]}
{[%emt 00:00:13]} 3. c4 {[%clk 01:31:52]} {[%emt 00:00:03]} e6 {[%clk
01:31:29]} {[%emt 00:00:09]} 4. g3 {[%clk 01:32:18]} {[%emt 00:00:04]} dxc4
{[%clk 01:31:26]} {[%emt 00:00:33]} 5. Bg2 {[%clk 01:31:02]} {[%emt 00:01:47]}
c5 {[%clk 01:31:39]} {[%emt 00:00:17]} 6. Qa4+ {[%clk 01:29:06]} {[%emt
00:02:26]} Bd7 {[%clk 01:29:43]} {[%emt 00:02:26]} 7. Qxc4 {[%clk 01:29:18]}
{[%emt 00:00:18]} b5 {[%clk 01:21:49]} {[%emt 00:08:24]} 8. Qc2 {[%clk
01:29:17]} {[%emt 00:00:30]} Na6 {[%clk 01:21:17]} {[%emt 00:01:02]} 9. O-O
{[%clk 01:04:39]} {[%emt 00:25:08]} Rc8 {[%clk 01:16:48]} {[%emt 00:05:00]} 10.
Qd1 {[%clk 00:52:59]} {[%emt 00:12:10]} Bc6 {[%clk 01:05:23]} {[%emt 00:11:55]}
11. a3 {[%clk 00:43:16]} {[%emt 00:10:13]} cxd4 {[%clk 00:55:10]} {[%emt
00:10:43]} 12. Qxd4 {[%clk 00:41:22]} {[%emt 00:02:24]} Bc5 {[%clk 00:53:15]}
{[%emt 00:02:25]} 13. Qh4 {[%clk 00:39:58]} {[%emt 00:01:53]} Qb6 {[%clk
00:45:12]} {[%emt 00:08:34]} 14. e3 {[%clk 00:39:29]} {[%emt 00:00:59]} O-O
{[%clk 00:42:30]} {[%emt 00:03:11]} 15. b4 {[%clk 00:35:34]} {[%emt 00:04:26]}
Be7 {[%clk 00:41:37]} {[%emt 00:01:22]} 16. Bb2 {[%clk 00:35:11]} {[%emt
00:00:53]} Nd5 {[%clk 00:39:14]} {[%emt 00:02:53]} 17. Qh3 {[%clk 00:26:22]}
{[%emt 00:09:20]} Bf6 {[%clk 00:35:40]} {[%emt 00:04:04]} 18. Bd4 {[%clk
00:25:20]} {[%emt 00:01:32]} Bxd4 {[%clk 00:32:24]} {[%emt 00:03:46]} 19. Nxd4
{[%clk 00:25:38]} {[%emt 00:00:12]} Bb7 {[%clk 00:30:53]} {[%emt 00:02:01]} 20.
Nd2 {[%clk 00:24:17]} {[%emt 00:01:50]} Nb8 {[%clk 00:29:00]} {[%emt 00:02:24]}
21. Ne4 {[%clk 00:23:36]} {[%emt 00:01:10]} Nc6 {[%clk 00:25:08]} {[%emt
00:04:23]} 22. Nc5 {[%clk 00:23:45]} {[%emt 00:00:20]} Nxd4 {[%clk 00:22:44]}
{[%emt 00:02:54]} 23. exd4 {[%clk 00:23:02]} {[%emt 00:01:13]} Rfd8 {[%clk
00:20:52]} {[%emt 00:02:22]} 24. Rad1 {[%clk 00:21:59]} {[%emt 00:01:34]} Ba8
{[%clk 00:20:18]} {[%emt 00:01:03]} 25. Rfe1 {[%clk 00:19:48]} {[%emt
00:02:42]} Nf6 {[%clk 00:17:34]} {[%emt 00:03:13]} 26. Re5 {[%clk 00:18:20]}
{[%emt 00:01:58]} Bxg2 {[%clk 00:16:35]} {[%emt 00:01:30]} 27. Qxg2 {[%clk
00:18:44]} {[%emt 00:00:05]} Rd5 {[%clk 00:15:52]} {[%emt 00:01:13]} 28. g4
{[%clk 00:18:05]} {[%emt 00:01:09]} Rcd8 {[%clk 00:14:32]} {[%emt 00:01:51]}
29. Rxd5 {[%clk 00:17:55]} {[%emt 00:00:40]} Nxd5 {[%clk 00:14:15]} {[%emt
00:00:48]} 30. Qf3 {[%clk 00:16:54]} {[%emt 00:01:29]} Qc7 {[%clk 00:11:29]}
{[%emt 00:03:16]} 31. h4 {[%clk 00:15:40]} {[%emt 00:01:44]} Qf4 {[%clk
00:11:18]} {[%emt 00:00:41]} 32. Qxf4 {[%clk 00:14:47]} {[%emt 00:01:23]} Nxf4
{[%clk 00:11:46]} {[%emt 00:00:02]} 33. Kf1 {[%clk 00:14:57]} {[%emt 00:00:20]}
e5 {[%clk 00:10:35]} {[%emt 00:01:42]} 34. Nb3 {[%clk 00:15:26]} Kf8 {[%clk
00:07:54]} {[%emt 00:03:11]} 1/2-1/2

[Event "ODJM A 2025"]
[Site "Willingen GER"]
[Date "2025.06.13"]
[Round "8"]
[White "Theisen, Johannes"]
[Black "Grunert, Wilhelm"]
[Result "1/2-1/2"]
[Termination "normal"]
[Board "35"]
[WhiteElo "1831"]
[BlackElo "1892"]
[WhiteClock "00:32:16"]
[BlackClock "00:29:52"]
[PlyCount "89"]
[WhiteFideId "16255526"]
[BlackFideId "12995673"]
[EventCountry "GER"]
[EventRounds "9"]
[EventType "swiss"]
[EventDate "2025.06.07"]

1. e4 {[%clk 01:30:59]} c5 {[%clk 01:30:55]} {[%emt 00:00:06]} 2. Nf3 {[%clk
01:31:25]} {[%emt 00:00:04]} Nc6 {[%clk 01:31:19]} {[%emt 00:00:05]} 3. Bb5
{[%clk 01:31:52]} {[%emt 00:00:03]} g6 {[%clk 01:31:32]} {[%emt 00:00:18]} 4.
O-O {[%clk 01:32:17]} {[%emt 00:00:05]} Bg7 {[%clk 01:31:40]} {[%emt 00:00:21]}
5. Re1 {[%clk 01:32:41]} {[%emt 00:00:06]} e5 {[%clk 01:31:07]} {[%emt
00:01:03]} 6. Bxc6 {[%clk 01:33:03]} {[%emt 00:00:09]} dxc6 {[%clk 01:31:22]}
{[%emt 00:00:15]} 7. d3 {[%clk 01:33:21]} {[%emt 00:00:11]} h6 {[%clk
01:28:40]} {[%emt 00:03:13]} 8. Be3 {[%clk 01:32:51]} {[%emt 00:01:00]} Qe7
{[%clk 01:28:28]} {[%emt 00:00:42]} 9. h3 {[%clk 01:28:43]} {[%emt 00:04:38]}
Nf6 {[%clk 01:27:44]} {[%emt 00:01:13]} 10. a3 {[%clk 01:03:07]} {[%emt
00:26:07]} a5 {[%clk 01:27:49]} {[%emt 00:00:25]} 11. Nbd2 {[%clk 01:02:14]}
{[%emt 00:01:22]} Nd7 {[%clk 01:21:16]} {[%emt 00:07:03]} 12. Nf1 {[%clk
00:54:49]} {[%emt 00:07:55]} Nf8 {[%clk 01:05:32]} {[%emt 00:16:14]} 13. Qd2
{[%clk 00:47:50]} {[%emt 00:07:29]} Ne6 {[%clk 01:04:07]} {[%emt 00:01:55]} 14.
N3h2 {[%clk 00:48:06]} {[%emt 00:00:14]} Qc7 {[%clk 00:48:23]} {[%emt
00:16:14]} 15. Rab1 {[%clk 00:38:42]} {[%emt 00:09:54]} f5 {[%clk 00:36:31]}
{[%emt 00:12:21]} 16. exf5 {[%clk 00:34:52]} {[%emt 00:04:20]} gxf5 {[%clk
00:36:55]} {[%emt 00:00:07]} 17. f4 {[%clk 00:34:18]} {[%emt 00:01:04]} O-O
{[%clk 00:33:37]} {[%emt 00:03:48]} 18. fxe5 {[%clk 00:31:10]} {[%emt
00:03:38]} f4 {[%clk 00:33:01]} {[%emt 00:01:06]} 19. Bf2 {[%clk 00:31:36]}
{[%emt 00:00:04]} Bxe5 {[%clk 00:30:53]} {[%emt 00:02:39]} 20. Nf3 {[%clk
00:23:21]} {[%emt 00:08:44]} Bf6 {[%clk 00:29:45]} {[%emt 00:01:37]} 21. b3
{[%clk 00:21:36]} {[%emt 00:02:15]} Nd4 {[%clk 00:24:41]} {[%emt 00:05:34]} 22.
Nxd4 {[%clk 00:20:30]} {[%emt 00:01:37]} cxd4 {[%clk 00:23:41]} {[%emt
00:01:30]} 23. Re4 {[%clk 00:17:56]} {[%emt 00:03:03]} Qg7 {[%clk 00:18:06]}
{[%emt 00:06:05]} 24. Qxf4 {[%clk 00:14:24]} {[%emt 00:04:02]} Bxh3 {[%clk
00:18:13]} {[%emt 00:00:23]} 25. Qg3 {[%clk 00:14:47]} {[%emt 00:00:08]} Bf5
{[%clk 00:17:43]} {[%emt 00:01:00]} 26. Qxg7+ {[%clk 00:14:44]} {[%emt
00:00:32]} Kxg7 {[%clk 00:17:53]} {[%emt 00:00:20]} 27. Rf4 {[%clk 00:14:36]}
{[%emt 00:00:38]} Kg6 {[%clk 00:16:05]} {[%emt 00:02:18]} 28. g4 {[%clk
00:09:48]} {[%emt 00:05:18]} Bd7 {[%clk 00:14:39]} {[%emt 00:01:56]} 29. Bxd4
{[%clk 00:07:28]} {[%emt 00:02:51]} Be7 {[%clk 00:14:33]} {[%emt 00:00:34]} 30.
Rxf8 {[%clk 00:06:10]} {[%emt 00:01:50]} Rxf8 {[%clk 00:11:45]} {[%emt
00:03:17]} 31. Nh2 {[%clk 00:05:16]} {[%emt 00:01:24]} Bxa3 {[%clk 00:09:55]}
{[%emt 00:02:20]} 32. Ra1 {[%clk 00:05:13]} {[%emt 00:00:32]} Bd6 {[%clk
00:09:40]} {[%emt 00:00:46]} 33. Rxa5 {[%clk 00:04:31]} {[%emt 00:01:11]} Bxh2+
{[%clk 00:09:37]} {[%emt 00:00:33]} 34. Kxh2 {[%clk 00:04:57]} {[%emt
00:00:04]} Bxg4 {[%clk 00:09:54]} {[%emt 00:00:13]} 35. Ra7 {[%clk 00:01:31]}
{[%emt 00:03:56]} Rf7 {[%clk 00:09:29]} {[%emt 00:00:55]} 36. Ra8 {[%clk
00:01:54]} {[%emt 00:00:07]} Re7 {[%clk 00:05:08]} {[%emt 00:04:51]} 37. Rg8+
{[%clk 00:00:59]} {[%emt 00:01:25]} Kh5 {[%clk 00:04:53]} {[%emt 00:00:45]} 38.
Rf8 {[%clk 00:00:34]} {[%emt 00:00:55]} Re2+ {[%clk 00:04:24]} {[%emt
00:01:00]} 39. Rf2 {[%clk 00:01:02]} Rxf2+ 40. Bxf2 {[%clk 00:01:31]} Bd1
{[%clk 00:04:50]} {[%emt 00:00:11]} 41. c4 {[%clk 00:01:03]} {[%emt 00:00:58]}
Bxb3 {[%clk 00:01:49]} {[%emt 00:03:31]} 42. c5 {[%clk 00:01:20]} {[%emt
00:00:13]} Kg4 {[%clk 00:01:46]} {[%emt 00:00:32]} 43. d4 {[%clk 00:01:32]}
{[%emt 00:00:18]} h5 {[%clk 00:00:40]} {[%emt 00:01:37]} 44. Bg3 {[%clk
00:01:53]} {[%emt 00:00:07]} h4 {[%clk 00:29:52]} {[%emt 00:01:19]} 45. Be5
{[%clk 00:32:16]} {[%emt 00:00:06]} 1/2-1/2